Obra poética completa /

Saved in:
Bibliographic Details
Main Author: Belisarda, Marcia pseudónimo ca. 1646. (María Fernández López)
Other Authors: Vinatea Recoba, Martina (compilador, editor literario)
Format: Book
Language:Spanish
Published: New York, Estados Unidos : IDEA/IGAS, 2015.
Series:Colección Baihoja 16
Subjects:
Tags: Add Tag
No Tags, Be the first to tag this record!

MARC

LEADER 00000nam a22000007a 4500
008 170818s2015 xxua|||| |||| 00| pdspa d
020 |a 9781938795039 
040 |a CIICLA - UCR  |b spa 
041 0 |a spa  |b spa 
082 0 4 |a 861.3D  |b B431v 
100 1 |9 166  |a Belisarda, Marcia  |c pseudónimo  |d ca. 1646.  |q (María Fernández López) 
245 1 |a Obra poética completa /  |c María Fernández López (Marcia Belisarda). Estudio, edición y notas de Martina Vinatea Recoba. 
260 1 |a New York, Estados Unidos :  |b IDEA/IGAS,  |c 2015. 
300 |a 483 páginas :  |b ilustraciones en blanco y negro;  |c 23 cm. 
490 1 |a Colección Baihoja  |v 16 
500 |a Incluye apéndice documental 
500 |a Incluye reproducción fotográfica de algunos manuscritos originales 
504 |a Bibliografía: p. [97]-110 
600 1 0 |9 166  |a SANTA ISABEL, MARÍA DE  |d ca. 1646. 
600 1 0 |a BELISARDA, MARCIA  |d ca. 1646.  |c PSEUDÓNIMO 
650 0 4 |a LITERATURA  |v POESÍA 
650 0 4 |a POETAS  |x BIOGRAFÍAS 
700 1 |9 167  |a Vinatea Recoba, Martina  |e compilador  |e editor literario 
942 |2 ddc  |c BK 
999 |c 21695  |d 21695